Narrative of the life, and dying speech, of John Ryer : who was executed at White-Plains, in the county of Westchester, state of New-York, on the second day of October, 1793, for the murder of Dr. Isaac Smith, deputy-sheriff of that county.

Bibliographic Details
Other Authors: A. H., Ryer, Margret
Format: eBook
Language:English
Published: Printed at Danbury [Conn.] : By Nathan Douglas, for the publisher, --1793.
Series:Early American imprints. Evans (1639-1800) ; no. 46873.
Subjects:
Online Access:Evans Digital Edition

MARC

Tag First Indicator Second Indicator Subfields
LEADER 00000cam a2200000 a 4500
001 in00002139269
006 m e d #
007 cr mn mmmmabba
008 820624s1793 ctu s 000 0 eng d
005 20260330215940.2
035 |z w011372 
035 |a MAAR8206243703B 
035 |9 mwa91-6422 
035 |a 341168 
035 |a aas03011372 
040 |a MWA  |c MWA  |e bdrb  |d UtOrBLW 
245 0 0 |a Narrative of the life, and dying speech, of John Ryer :  |b who was executed at White-Plains, in the county of Westchester, state of New-York, on the second day of October, 1793, for the murder of Dr. Isaac Smith, deputy-sheriff of that county. 
264 1 |a Printed at Danbury [Conn.] :  |b By Nathan Douglas, for the publisher,  |c --1793. 
300 |a 15 pages, 1 unnumbered page ;  |c 22 cm. (octavo) 
336 |a text  |b txt  |2 rdacontent 
337 |a computer  |b c  |2 rdamedia 
338 |a online resource  |b cr  |2 rdacarrier 
500 |a Preface signed: A.H. 
500 |a Letter from Ryer's mother, Margret Ryer, page 4. 
510 4 |a Bristol  |c B8473 
510 4 |a Shipton & Mooney  |c 46873 
510 4 |a McDade, T.M. Murder,  |c 841 
530 |a Microform version available in the Readex Early American Imprints series. 
533 |a Electronic text and image data.  |b [Chester, Vt. :  |c Readex, a division of Newsbank, Inc.,  |d 2002-2004.  |e Includes files in TIFF, GIF and PDF formats with inclusion of keyword searchable text.  |f (Early American imprints. First series ; no. 46873). 
500 |a Electronic resource. 
600 1 0 |a Ryer, John,  |d 1759-1793. 
600 1 0 |a Smith, Isaac,  |d -1792. 
650 0 |a Executions and executioners  |z New York (State)  |z White Plains. 
650 0 |a Crime  |z New York (State) 
650 0 |a Murder  |z New York (State) 
700 0 |a A. H. 
700 1 |a Ryer, Margret. 
752 |a United States  |b Connecticut  |d Danbury. 
830 0 |a Early American imprints.  |n Series I,  |p Evans (1639-1800) ;  |v no. 46873. 
856 4 1 |u http://proxy.library.tamu.edu/login?url=https://opac.newsbank.com/select/evans/46873  |y Evans Digital Edition  |t 0 
999 |a MARS 
999 f f |s 7b20e713-9699-3ad6-93e8-3ec67bc6aed6  |i 368a6d20-a468-318d-86d6-af80ea4dbd88  |t 0 
952 f f |a Texas A&M University  |b College Station  |c Electronic Resources  |s www_evans  |d Available Online  |t 0  |h No information provided 
998 f f |t 0  |l Available Online